000 02258nam0a2200361 4500
001 RU\NLR\bibl\1409410
005 20260608064510.0
035 _a(NLR Aleph) 001401398
090 _a1224727
_c1224727
100 _a20090908d2009 |||y0rusy50 ca
101 0 _arus
102 _aRU
105 _ay |||||||||
200 1 _aКультура Оренбургского края: история и современность
_eнаучно-образовательный и культурно-просветительный альманах
_e[материалы чтений
_fЧетвертые Большаковские чтения
_gнауч. ред.: Любичанковский Сергей Валентинович, к.ист.н., доц.]
210 _aОренбург
_cДимур
_d2009
215 _a290 с.
_d20
300 _aВ надзаг.: Администрация г. Оренбурга
300 _aНа тит. л.: К 265-летию Оренб. губернии. К 195-летию со дня рождения Тараса Шевченко. К 85-летию со дня рождения Леонида Большакова
320 _aБиблиогр. в подстроч. примеч.
320 _aБиблиогр. новых работ о жизни и творчестве Л.Н. Большакова / Т.Л. Большакова, Т.А. Камскова, к.п.н.: с. 283-287 (40 назв.)
607 _aОренбургская область
_jСъезды, совещания и т.п.
_xКультура
_xИстория
_92441865
_3RU\NLR\auth\661452607
686 _aТ3(2Р-4Ор)0-7я431
686 _aЧ114(2Р-4Ор)я431
702 1 _4570
_7ca
_8rus
_aБольшаков
_bЛ. Н.
_f1924-2004
_gЛеонид Наумович
_9219612
_3RU\NLR\AUTH\770219668
702 1 _aЛюбичанковский
_bС. В.
_gСергей Валентинович
_4340
711 1 2 _aБольшаковские чтения
_d4
_eОренбург
_f2009
_9769779
_3RU\NLR\AUTH\8810137106
712 0 1 _4570
_aОренбург
_bАдминистрация
_9700585
_3RU\NLR\AUTH\8810099780
801 0 _aRU
_bNLR
_c20090908
_gRCR
801 1 _aRU
_bNLR
_c20090908
942 _cBOOK
980 _aNB